000 00570nam a2200229Ia 4500
003 OSt
005 20221005121226.0
006 a|||||r|||| 00| 0
007 ta
008 221004b |||||||| |||| 00| 0 mal d
024 _a53131
037 _cTextual
040 _aCRL
_cCRL
_bmal
041 _2mal
_amal
082 _a2:5, 32J5
100 _aNair Karunakaran Au.
_9630269
245 0 _aGrandhalaya deepika
260 _c1955
650 _aLIBRARY SCIENCE
942 _h2:5, 32J5
_cTEXL
_2cc
999 _c1040506
_d1040506